|
|
|
|
| LEADER |
01448nam a2200337 a 4500 |
| 001 |
38319 |
| 003 |
BD-DhAAL |
| 005 |
20220405151140.0 |
| 008 |
220405r19891987nyu 001 0 eng |
| 999 |
|
|
|c 43984
|d 43984
|
| 010 |
|
|
|a 88040529
|
| 020 |
|
|
|a 0679722238 :
|c $9.95
|
| 040 |
|
|
|a DLC
|b eng
|c DLC
|d DLC
|d BD-DhAAL
|
| 043 |
|
|
|a n-us---
|
| 050 |
0 |
0 |
|a E169.12
|b .B659 1989
|
| 082 |
0 |
0 |
|a 973
|2 19
|
| 100 |
1 |
|
|a Boorstin, Daniel J.
|q (Daniel Joseph),
|d 1914-2004.
|9 47733
|
| 245 |
1 |
0 |
|a Hidden history /
|c Daniel J. Boorstin ; selected and edited [from the author's writings] by Daniel J. Boorstin and Ruth F. Boorstin.
|
| 250 |
|
|
|a First Vintage Books ed.
|
| 260 |
|
|
|a New York :
|b Vintage Books,
|c c1987. [Reprinted 1989]
|
| 300 |
|
|
|a xxvii, 332 pages ;
|c 21 cm.
|
| 500 |
|
|
|a Reprint. Originally published: New York : Harper & Row, 1987.
|
| 500 |
|
|
|a Includes index.
|
| 541 |
|
|
|a Donated By Akbar Ali Khan
|e 38319
|
| 651 |
|
0 |
|a United States
|x Civilization.
|9 47734
|
| 700 |
1 |
|
|a Boorstin, Ruth Frankel.
|9 47735
|
| 710 |
2 |
|
|a Daniel J. Boorstin Collection (Library of Congress)
|5 DLC
|9 47736
|
| 852 |
|
|
|a Ayesha Abed Library
|c Akbar Ali Khan Collection
|
| 856 |
4 |
2 |
|3 Publisher description
|u http://www.loc.gov/catdir/description/random047/88040529.html
|
| 942 |
|
|
|2 ddc
|c BK
|
| 952 |
|
|
|0 0
|1 0
|2 ddc
|4 0
|6 973_000000000000000_BOO
|7 1
|9 70395
|a BRACUL
|b BRACUL
|c AAKC
|d 2022-04-05
|e Donated by Akbar Ali Khan
|l 0
|o 973 BOO
|p 3010038319
|r 2022-04-05
|t 1
|w 2022-04-05
|y BK
|